书目信息 |
| 题名: |
小学数学教育学
|
|
| 作者: | 汪绳祖 主编 | |
| 分册: | ||
| 出版信息: | 北京 高等教育出版社 1997 |
|
| 页数: | 352页 | |
| 开本: | 20cm | |
| 丛书名: | ||
| 单 册: | ||
| 中图分类: | G623.5 | |
| 科图分类: | 38.6351 | |
| 主题词: | 数学教学-教育学--小学 , 教育学-数学教学--小学 | |
| 电子资源: | ||
| ISBN: | 7-04-006264-X | |
| 000 | 00696nam0 2200241 45 | |
| 001 | 0192000822 | |
| 005 | 20070619164612.92 | |
| 010 | @a7-04-006264-X@dCNY11.00 | |
| 100 | @a19920115d1997 em y0chiy0121 ea | |
| 101 | 0 | @achi |
| 102 | @aCN@b110000 | |
| 105 | @ay z 000yy | |
| 200 | 10 | @a小学数学教育学@AXIAO XUE SHU XUE JIAO YU XUE@f汪绳祖主编@Fwang sheng zu zhu bian |
| 210 | @a北京@c高等教育出版社@d1997@h2000 | |
| 215 | @a352页@d20cm | |
| 540 | 1 | @a教育@AJIAO YU |
| 606 | @a数学教学-教育学@x小学 | |
| 606 | @a教育学-数学教学@x小学 | |
| 690 | @aG623.5@v三版 | |
| 692 | @a38.6351 | |
| 701 | 0 | @a汪绳祖@Awang sheng zu@4主编 |
| 801 | 0 | @aCN@bTSSF@c20070619 |
| 905 | @a10447@dG623.5@e298 | |
| 小学数学教育学/汪绳祖主编.-北京:高等教育出版社,1997(2000) |
| 352页;20cm |
| ISBN 7-04-006264-X:CNY11.00 |
| ● |
| 相关链接 |
|
|
|
|
正题名:小学数学教育学
索取号:G623.5/298
 
预约/预借
| 序号 | 登录号 | 条形码 | 馆藏地/架位号 | 状态 | 备注 |
| 1 | 0654792 | 206547922 | 库房3/ [索取号:G623.5/298] | 在馆 |